Sports Quiz

Random Sports or NBA Quiz
Score 0/200 Timer 20:00
4 Plays Today
Primary Team Player % Correct
BullsMichael Jordan
98.8%
JazzKarl Malone
95.4%
HawksMoses Malone
94%
JazzJeff Malone
93.9%
KnicksPatrick Ewing
91.7%
SpursDavid Robinson
90.9%
BucksGlenn Robinson
90.2%
Trail BlazersClifford Robinson
90.2%
BullsScottie Pippen
88.5%
PacersReggie Miller
85.5%
MagicShaquille O'Neal
85.3%
RocketsHakeem Olajuwon
84.9%
JazzJohn Stockton
82.8%
SunsCharles Barkley
81%
HornetsLarry Johnson
78.2%
SunsKevin Johnson
78.2%
SpursAvery Johnson
78.1%
SonicsEddie Johnson
78.1%
Trail BlazersClyde Drexler
77.3%
SonicsGary Payton
76.2%
WarriorsTim Hardaway
75.4%
MagicAnfernee Hardaway
75.2%
76ersAllen Iverson
74.4%
SonicsShawn Kemp
74.3%
HeatAlonzo Mourning
72.3%
PistonsIsiah Thomas
71.8%
HawksDominique Wilkins
68.7%
KnicksGerald Wilkins
68.4%
BulletsChris Webber
68%
RocketsKenny Smith
66.8%
HawksSteve Smith
66.7%
ClippersCharles Smith
66.6%
WarriorsJoe Smith
66.6%
WarriorsChris Mullin
66.5%
KingsSpud Webb
64.3%
TimberwolvesKevin Garnett
63.6%
PistonsJoe Dumars
62.4%
KingsMitch Richmond
60.7%
NuggetsMahmoud Abdul-Rauf
58.5%
PistonsDennis Rodman
58.4%
PacersMark Jackson
57.3%
MavericksJim Jackson
57.3%
MavericksJason Kidd
55.9%
HeatGlen Rice
55.7%
PistonsBison Dele
55.3%
Trail BlazersBuck Williams
55.1%
NuggetsReggie Williams
55.1%
CavaliersHot Rod Williams
55.1%
KingsWalt Williams
55.1%
TimberwolvesMichael Williams
55.1%
PistonsGrant Hill
54%
CavaliersTyrone Hill
53.8%
LakersEddie Jones
53.4%
JazzJeff Hornacek
53%
NuggetsDikembe Mutombo
52.7%
BullsHorace Grant
51.8%
BulletsHarvey Grant
51.7%
LakersVlade Divac
50.3%
MagicNick Anderson
48.9%
NetsKenny Anderson
48.9%
KnicksJohn Starks
48.9%
SpursWillie Anderson
48.8%
SonicsDetlef Schrempf
48.8%
CavaliersMark Price
48.6%
PacersDale Davis
48.1%
PacersRik Smits
48%
BullsSteve Kerr
45.3%
Primary Team Player % Correct
WarriorsLatrell Sprewell
42.9%
HornetsDell Curry
42.8%
CelticsKevin McHale
42.6%
SonicsRicky Pierce
42.4%
BullsToni Kukoc
42%
HornetsMuggsy Bogues
41.9%
ClippersRon Harper
41.9%
KnicksCharles Oakley
41.9%
Trail BlazersTerry Porter
41.9%
MavericksDerek Harper
41.8%
LakersJames Worthy
41.4%
MagicDennis Scott
41.1%
LakersByron Scott
41.1%
CelticsRobert Parish
40.5%
RocketsRobert Horry
39.8%
CelticsAntoine Walker
39.8%
CelticsDee Brown
39.1%
HeatP.J. Brown
39.1%
RocketsSam Cassell
38.7%
SunsDan Majerle
38.4%
LakersNick Van Exel
37.9%
BullsB.J. Armstrong
37.7%
LakersA.C. Green
37.6%
NetsDerrick Coleman
37.5%
NuggetsDale Ellis
37.4%
CelticsReggie Lewis
37.4%
NuggetsLaPhonso Ellis
37.4%
KnicksAllan Houston
37.1%
BulletsJuwan Howard
36.9%
CavaliersBrad Daugherty
36.9%
76ersJerry Stackhouse
36.6%
HawksKevin Willis
36.1%
TimberwolvesChristian Laettner
35.7%
SpursSean Elliott
35.5%
MavericksJamal Mashburn
34.1%
ClippersDanny Manning
34%
76ersHersey Hawkins
33.2%
SunsTom Chambers
33%
NetsDrazen Petrovic
32.6%
HeatGrant Long
32.4%
KnicksAnthony Mason
31.2%
RocketsVernon Maxwell
31%
RocketsOtis Thorpe
30.9%
RaptorsDamon Stoudamire
30.8%
HawksMookie Blaylock
30%
CavaliersLarry Nance
29.9%
GrizzliesShareef Abdur-Rahim
29.2%
BucksVin Baker
28.1%
MavericksShawn Bradley
28%
TimberwolvesDoug West
27.8%
TimberwolvesPooh Richardson
27.5%
SonicsSam Perkins
27.5%
CavaliersCraig Ehlo
27.1%
SunsDanny Ainge
27%
HornetsKendall Gill
27%
SunsCedric Ceballos
26.7%
Trail BlazersRod Strickland
26.4%
BucksAlvin Robertson
26.3%
HeatRony Seikaly
26.3%
Trail BlazersJerome Kersey
26.3%
CelticsRick Fox
26%
SunsMichael Finley
25.8%
TimberwolvesTom Gugliotta
25.7%
Trail BlazersKevin Duckworth
25.7%
LakersElden Campbell
24.8%
TimberwolvesTony Campbell
24.7%
TimberwolvesIsaiah Rider
23.8%
Primary Team Player % Correct
MagicScott Skiles
23.8%
PacersChuck Person
23.7%
SunsWesley Person
23.6%
KnicksGreg Anthony
23.3%
MavericksRolando Blackman
23.3%
NuggetsAntonio McDyess
23.2%
CavaliersTerrell Brandon
23.2%
BulletsMichael Adams
22.2%
SpursTerry Cummings
21.8%
RocketsMario Elie
21.2%
HawksStacey Augmon
20.8%
CelticsXavier McDaniel
20.6%
CelticsDana Barros
20.5%
SpursVinny Del Negro
19.6%
JazzBlue Edwards
19.4%
HeatKevin Edwards
19.4%
RaptorsDoug Christie
19.4%
JazzAntoine Carr
19.2%
TimberwolvesSam Mitchell
18.9%
76ersClarence Weatherspoon
18.8%
BulletsRex Chapman
17.7%
CelticsSherman Douglas
16.8%
SonicsDerrick McKey
16.8%
KingsWayman Tisdale
16.8%
NetsChris Morris
16.8%
PistonsLindsey Hunter
16.7%
HornetsDavid Wesley
16.4%
PistonsTerry Mills
16.1%
CavaliersChris Mills
16.1%
BulletsTracy Murray
15.8%
ClippersLamond Murray
15.8%
ClippersLoy Vaught
15.1%
WarriorsBilly Owens
15.1%
BulletsPervis Ellison
15%
NetsArmen Gilliam
14.2%
KingsLionel Simmons
14.1%
CelticsBrian Shaw
14.1%
CavaliersDanny Ferry
14.1%
BulletsCalbert Cheaney
13.7%
HornetsJ.R. Reid
13.7%
ClippersRodney Rogers
13.3%
WarriorsChris Gatling
13.1%
KingsOlden Polynice
12.9%
CavaliersBobby Phills
12.8%
LakersSedale Threatt
12.8%
LakersAnthony Peeler
12.5%
PistonsOrlando Woolridge
12.2%
ClippersBenoit Benjamin
12.2%
NetsSam Bowie
12.2%
HornetsJohnny Newman
12%
HeatBimbo Coles
12%
JazzThurl Bailey
11.8%
BucksTodd Day
11.7%
TimberwolvesTyrone Corbin
11.6%
SonicsMichael Cage
11.6%
NuggetsBryant Stith
11.2%
HawksAndrew Lang
10.8%
CelticsKevin Gamble
10.3%
ClippersKen Norman
10.2%
PacersVern Fleming
9.9%
BucksFrank Brickowski
9.6%
WarriorsSarunas Marciulionis
9%
HornetsMatt Geiger
8.9%
BucksEric Murdock
8.4%
MavericksGeorge McCloud
7.6%
BucksJay Humphries
7%
Remove Ads.
Support Sporcle.
Get the best of Sporcle when you Go Orange. This ad-free experience offers more features, more stats, and more fun while also helping to support Sporcle. Thank you for becoming a member.

You're not logged in!

Compare scores with friends on all Sporcle quizzes.
OR
Log In

Sporcle TV

Today on Sporcle TV


Watch our educational content, quiz creation guides, and fun videos on Sporcle TV.

Show Comments

Extras

Top Quizzes Today


Score Distribution

Paid Content

Your Account Isn't Verified!

In order to create a playlist on Sporcle, you need to verify the email address you used during registration. Go to your Sporcle Settings to finish the process.

Report this User

Report this user for behavior that violates our Community Guidelines.

Details: